000 00415nam a22001577a 4500
005 20240122060455.0
008 240122b |||||||| |||| 00| 0 eng d
020 _a0195642686
082 _222
_a305.8.
245 _aThe concept of race in south Asia.
_c peter robb,
250 _a1st
260 _anew Delhi.,
_bOxford university press.,
_c1995.
300 _aix, 354 p.,
700 _aRobb, peter.
_eedt
942 _cL
999 _c189
_d189